000 004280000a22001570004500
003 LK-CoMWRAF
008 230817t ||||| |||| 00| 0 eng d
040 _aLK-CoMWRAF
_dLK-CoMWRAF
_eLK-CoMWRAF
041 _aeng
100 _aIqbal, Sulaima Sami
245 _aThisaimaariya Theermanangal
_bSirugathaith Thoguthi
260 _bSinthanai Vattam
_aWadaththalavinnai
_c2003
300 _ap.85
650 _aTamil Text
942 _cBK
999 _c2444
_d2444